| 000 | 00497nam a2200193Ia 4500 | ||
|---|---|---|---|
| 005 | 20250319033214.0 | ||
| 008 | 240331s9999 xx 000 0 und d | ||
| 020 | _a0333486889 | ||
| 082 |
_a302.23 _bLAU _23575 |
||
| 100 | _ade Lauretis, T | ||
| 245 | 0 |
_aTechnologies of Gender: _bEssays on Theory, Film, and Fiction |
|
| 260 |
_aLondon, _bThe Macmillan Press Ltd _c1987 |
||
| 300 | _axi, 151 p., | ||
| 650 | _aGender | ||
| 650 | _aCinema | ||
| 650 | _aWomen | ||
| 650 | _aSociety | ||
| 942 | _cL | ||
| 999 |
_c1172 _d1172 |
||